000 00758nam a2200265Ia 4500
003 OSt
005 20220928130335.0
006 a|||||r|||| 00| 0
007 ta
008 220927b |||||||| |||| 00| 0 eng d
020 _cUSD 85.00
024 _a140064
037 _b132, 08/03/2019, N.R.Book Distributors
_cTextual
040 _aSDCL
_cSDCL
_beng
041 _2eng
_aeng
082 _aL:47257, Q4
100 _aWeinberg Robert A.
_9473613
245 0 _aBiology of cancer
250 _a2nd
260 _aNew York
_b Garland science
_c2014
300 _axx,876p.
_ccm.
650 _aBiochemistry
942 _hL:47257, Q4
_cTEXL
_2CC
999 _c786161
_d786161